书目信息 |
| 题名: |
公共经济学
|
|
| 作者: | 陈树文 编著 | |
| 分册: | ||
| 出版信息: | 大连 大连理工大学出版社 2011 |
|
| 页数: | 310页 | |
| 开本: | 24cm | |
| 丛书名: | ||
| 单 册: | ||
| 中图分类: | F062.6 | |
| 科图分类: | ||
| 主题词: | 公共经济学--Gong Gong Jing Ji Xue--教材 | |
| 电子资源: | ||
| ISBN: | 978-7-5611-2377-5 | |
| 000 | 01045nam0 22002771 450 | |
| 001 | 349993 | |
| 005 | 20161009083712.09 | |
| 010 | @a978-7-5611-2377-5@dCNY36.00 | |
| 100 | @a20111220d2011 em y0chiy50 ea | |
| 101 | 0 | @achi |
| 102 | @aCN@b210000 | |
| 105 | @ay z 000yy | |
| 106 | @ar | |
| 200 | 1 | @a公共经济学@AGong Gong Jing Ji Xue@dPublic economics@f陈树文[等]编著@zeng |
| 205 | @a2版 | |
| 210 | @a大连@c大连理工大学出版社@d2011 | |
| 215 | @a310页@d24cm | |
| 300 | @a公共管理系列教材 | |
| 304 | @a编著还有:刘金涛、王大刚、辛宪章 | |
| 330 | @a全书共分10章,全面、系统、透彻地阐述了公共经济学的基础理论与所有核心问题,具体包括资源配置、公共产品理论、公共选择理论、公共预算、公共收入、公共支出理论、消耗性公共支出、转移性公共支出、地方公共经济等内容,建立了公共经济学理论与知识体系架构。 | |
| 510 | 1 | @aPublic economics@zeng |
| 606 | 0 | @a公共经济学@AGong Gong Jing Ji Xue@j教材 |
| 690 | @aF062.6@v5 | |
| 701 | 0 | @a陈树文@AChen Shu Wen@f(1955~)@4编著 |
| 801 | 0 | @aCN@bTANGWEI@20160802 |
| 905 | @b0887790-4@dF062.6@e142=2@f5 | |
| 公共经济学=Public economics/陈树文[等]编著.-2版.-大连:大连理工大学出版社,2011 |
| 310页;24cm |
| 公共管理系列教材 |
| ISBN 978-7-5611-2377-5:CNY36.00 |
| 全书共分10章,全面、系统、透彻地阐述了公共经济学的基础理论与所有核心问题,具体包括资源配置、公共产品理论、公共选择理论、公共预算、公共收入、公共支出理论、消耗性公共支出、转移性公共支出、地方公共经济等内容,建立了公共经济学理论与知识体系架构。 |
| ● |
| 相关链接 |
|
|
|
|
正题名:公共经济学
索取号:F062.6/142=2
 
预约/预借
| 序号 | 登录号 | 条形码 | 馆藏地/架位号 | 状态 | 备注 |
| 1 | 0887790 | 208877900 | 第一样本阅览室/ [索取号:F062.6/142=2] | 在馆 | |
| 2 | 0887791 | 208877919 | 第一借阅区/ [索取号:F062.6/142=2] | 在馆 | |
| 3 | 0887792 | 208877928 | 第一借阅区/ [索取号:F062.6/142=2] | 在馆 | |
| 4 | 0887793 | 208877937 | 密集书库-海洋学院/ [索取号:F062.6/142=2] | 在馆 | |
| 5 | 0887794 | 208877946 | 第一借阅区/ [索取号:F062.6/142=2] | 在馆 |